000 00456nam a2200169Ia 4500
008 230917s9999||||xx |||||||||||||| ||und||
020 _cRS795
040 _e245909
_aMAIN
041 _aEnglish
082 _a514 K863E
100 _aKrantz, Steven G
245 0 _aEssentials of topology with applications
260 _aBoca Raton
_bCRC Press
_c2015
300 _axv, 404 p.
500 _a3045 22/02/2018 RBP18/69311 01/03/2018 Main Budget
942 _cBK
999 _c26039
_d26039